000 01385nam a2200337Ia 4500
001 ebr10254665
003 CaPaEBR
006 m u
007 cr cn|||||||||
008 080111s2007 maua s 001 0 eng d
010 _z 2008270309
020 _z159749223X
020 _z9781597492232
040 _aCaPaEBR
_cCaPaEBR
035 _a(OCoLC)228148148
050 1 4 _aHV8079.C65
_bW53 2007eb
082 0 4 _a363.25/968
_222
100 1 _aWiles, Jack.
245 1 0 _aTechno security's guide to e-discovery and digital forensics
_h[electronic resource] /
_cJack Wiles, lead author ; Tammy Alexander ... [et al.].
260 _aBurlington, Mass. :
_bSyngress Publishing,
_cc2007.
300 _axxvi, 405 p. :
_bill.
500 _a"A comprehensive handbook for investigators, examiners, IT security managers, lawyers, and academia".
500 _aIncludes index.
533 _aElectronic reproduction.
_bPalo Alto, Calif. :
_cebrary,
_d2009.
_nAvailable via World Wide Web.
_nAccess may be limited to ebrary affiliated libraries.
650 0 _aComputer crimes
_xInvestigation.
650 0 _aComputer networks
_xSecurity measures.
650 0 _aComputer security.
655 7 _aElectronic books.
_2local
710 2 _aebrary, Inc.
856 4 0 _uhttp://site.ebrary.com/lib/rucke/Doc?id=10254665
_zAn electronic book accessible through the World Wide Web; click to view
999 _c149448
_d149448